000 00386nam a2200145Ia 4500
008 240729s9999 xx 000 0 und d
022 _a2226-8707
245 0 _aHong Kong Medical Journal
260 _aHong Kong
260 _bHong Kong Academy of Medicine
650 _aMedicine
856 _uhttps://doaj.org/toc/bb1748cb427149049861028d10740fcf
942 _2ddc
942 _cDOAJEJ
999 _c70964
_d70964
945 _a1
_bMadushi Gamage
_c1
_dMadushi Gamage